000 00471nam a2200157 i 4500
001 29384
003 ES-MaACL
005 20230906154027.0
007 t|
008 030121s1903 sp ||||1| spa d
100 1 _aBarrè, O.
_925874
245 1 2 _aL'architecture du sol de la France
_b: essai de geographie tectonique par Le Commandant /
_cO. Barrè.
260 _aParís :
_b[s.n.,
_c1903] (
_fRenouard)
300 _aIII, 393 p. ;
_c25 cm.
852 _aES-MaACL
_jC-1663
999 _c29384
_d29384